Negotiation : (Record no. 102602)

MARC details
000 -LEADER
fixed length control field 01211nam a22003017a 4500
005 - DATE AND TIME OF LATEST TRANSACTION
control field 20180319144742.0
010 ## - LCCN (DPL NO)
LC control number 1718EN-30 ENG-115789
020 ## - INTERNATIONAL STANDARD BOOK NUMBER
International Standard Book Number 9789352602117
Terms of availability 745.00
020 ## - INTERNATIONAL STANDARD BOOK NUMBER
International Standard Book Number 9352602110
Terms of availability 745.00
035 ## - SYSTEM CONTROL NUMBER
System control number EN-99321
035 ## - SYSTEM CONTROL NUMBER
System control number B-665161
035 ## - SYSTEM CONTROL NUMBER
System control number B-683582-587
037 ## - SOURCE OF ACQUISITION
Source of stock number/acquisition BSB
Stock number dpl
037 ## - SOURCE OF ACQUISITION
Source of stock number/acquisition DBAD/PUB
082 ## - DEWEY DECIMAL CLASSIFICATION NUMBER
Classification number 658.4052
100 ## - MAIN ENTRY--PERSONAL NAME
Personal name Lewicki, Roy J.
245 ## - TITLE STATEMENT
Title Negotiation :
Statement of responsibility, etc by Roy J. Jewicki, David M.Saunders [and] Bruce Barry
Remainder of title reading,exercise and cases /
250 ## - EDITION STATEMENT
Edition statement 6th ed.
260 ## - PUBLICATION, DISTRIBUTION, ETC. (IMPRINT)
Place of publication, distribution, etc New Delhi
Name of publisher, distributor, etc Mcgraw Hill Education
Date of publication, distribution, etc 2017
270 ## - ADDRESS
Address P-24,Green Park
City New Delhi
Postal code 110016
300 ## - PHYSICAL DESCRIPTION
Extent x,708p.
Dimensions 24cm(pbk)
500 ## - GENERAL NOTE
General note Includes title index and name index
700 ## - ADDED ENTRY--PERSONAL NAME
Personal name Saunders, David M.
700 ## - ADDED ENTRY--PERSONAL NAME
Personal name Barry, Bruce
942 ## - ADDED ENTRY ELEMENTS (KOHA)
Source of classification or shelving scheme Dewey Decimal Classification
Item type English Books
Classification part 658.4052
Call number suffix LEW
Holdings
Withdrawn status Lost status Not for loan Collection code Home library Current library Date acquired Source of acquisition Cost, normal purchase price Full call number Barcode Copy number Cost, replacement price Koha item type
      Non-fiction Ashok Vihar Ashok Vihar 11/05/2017 BPPD/EN/2016-17/AV/16-17/452/15.2.2017/5058/28.2.2017/ 7.3.2017 715.00 658.4052 LEW B-665161 1 715.00 English Books
      Non-fiction Ashok Vihar Ashok Vihar 19/03/2018 BSB/292/30.11.2017/EN/2017-18/641/20.11.2017/14.12.2017 745.00 658.4052 LEW B-683583 1 745.00 English Books
    Not For Loan Non-fiction D.B.Act.Division Bawana 19/08/2016 DBAD/PUB 715.00 658.4052 LEW EN-99321 1 715.00 English Books
      Non-fiction Central Library Central Library 19/03/2018 BSB/292/30.11.2017/EN/2017-18/641/20.11.2017/14.12.2017 745.00 658.4052 LEW B-683582 1 745.00 English Books
      Non-fiction Janak Puri Janak Puri 19/03/2018 BSB/292/30.11.2017/EN/2017-18/641/20.11.2017/14.12.2017 745.00 658.4052 LEW B-683586 1 745.00 English Books
      Non-fiction Kasturba Gandhi Marg Kasturba Gandhi Marg 19/03/2018 BSB/292/30.11.2017/EN/2017-18/641/20.11.2017/14.12.2017 745.00 658.4052 LEW B-683585 1 745.00 English Books
      Non-fiction Narela Narela 19/03/2018 BSB/292/30.11.2017/EN/2017-18/641/20.11.2017/14.12.2017 745.00 658.4052 LEW B-683587 1 745.00 English Books
      Non-fiction Patel Nagar Patel Nagar 19/03/2018 BSB/292/30.11.2017/EN/2017-18/641/20.11.2017/14.12.2017 745.00 658.4052 LEW B-683584 1 745.00 English Books

© Delhi Public Library
Hit Counter
free hit counter